Non-Aligned Movement Countries - Statistics

General Stats
  • This quiz has been taken 141 times
  • The average score is 87 of 118
Answer Stats
Continent Country # % Correct
Asia India 1961
90%
Africa Egypt 1961
84%
Asia Iran 1979
84%
Asia Iraq 1961
84%
Africa Algeria 1961
83%
S. America Chile 1973
83%
N. America Haiti 2006
83%
Asia Syria 1964
83%
S. America Guyana 1970
81%
N. America Honduras 1995
81%
Asia Laos 1964
81%
Africa Libya 1964
81%
Asia Pakistan 1979
81%
S. America Suriname 1983
81%
S. America Venezuela 1989
81%
N. America Belize 1976
80%
Asia Cambodia 1961
80%
Asia Oman 1973
80%
N. America Panama 1976
80%
S. America Peru 1973
80%
Africa Sudan 1961
80%
Asia Yemen 1990
80%
Asia Bangladesh 1973
79%
N. America Cuba 1961
79%
S. America Ecuador 1983
79%
Asia Indonesia 1961
79%
Asia Lebanon 1961
79%
Africa South Africa 1994
79%
Africa Tunisia 1961
79%
Asia Vietnam 1976
79%
Africa Angola 1976
78%
Asia Bhutan 1973
78%
S. America Bolivia 1979
78%
Asia Brunei 1993
78%
Africa Chad 1964
78%
Africa Democratic Republic of the Congo 1961
78%
N. America Dominica 2006
78%
Asia Malaysia 1970
78%
Asia Myanmar 1961
78%
Africa Somalia 1961
78%
Asia Thailand 1993
78%
N. America Trinidad and Tobago 1970
78%
Asia Afghanistan 1961
77%
S. America Colombia 1983
77%
Africa Morocco 1961
77%
Africa Niger 1973
77%
Africa Seychelles 1976
77%
N. America Bahamas 1983
75%
N. America Barbados 1983
75%
Africa Burkina Faso 1973
75%
Africa Eritrea 1995
75%
N. America Guatemala 1993
75%
N. America Jamaica 1970
75%
Asia Jordan 1964
75%
Africa Nigeria 1964
75%
Africa Republic of the Congo 1964
75%
N. America Saint Lucia 1983
75%
N. America Saint Vincent and the Grenadines 2003
75%
Asia Singapore 1970
75%
Africa Togo 1964
75%
Africa Uganda 1964
75%
Africa Djibouti 1983
74%
N. America Dominican Republic 2000
74%
Africa Ethiopia 1961
74%
Africa Kenya 1964
74%
N. America Saint Kitts and Nevis 2006
74%
Asia Sri Lanka 1961
74%
Asia United Arab Emirates 1970
74%
Asia Azerbaijan 2011
73%
Asia Bahrain 1973
73%
Africa Benin 1964
73%
Africa Comoros 1976
73%
Asia East Timor 2003
73%
Africa Guinea 1961
73%
Asia Kuwait 1964
73%
Asia Mongolia 1993
73%
Asia Nepal 1961
73%
N. America Nicaragua 1979
73%
Asia Saudi Arabia 1961
73%
Africa Zimbabwe 1979
73%
N. America Antigua and Barbuda 2006
72%
Africa Cote d'Ivoire 1973
72%
Africa Lesotho 1970
72%
Africa Mali 1961
72%
Africa Mauritania 1964
72%
Africa Mozambique 1976
72%
Oceania Fiji 2011
70%
Africa Ghana 1961
70%
Asia Maldives 1976
70%
Africa Rwanda 1970
70%
Africa Senegal 1964
70%
Africa Tanzania 1964
70%
Africa Zambia 1964
70%
Africa Burundi 1964
69%
N. America Grenada 1979
69%
Africa Namibia 1979
69%
Oceania Vanuatu 1983
69%
Africa Cameroon 1964
68%
Africa Central African Republic 1964
68%
Africa Gambia 1973
68%
Africa Madagascar 1973
68%
Africa Mauritius 1973
68%
Asia Turkmenistan 1995
68%
Africa Botswana 1970
67%
Africa Liberia 1964
67%
Oceania Papua New Guinea 1993
67%
Africa Gabon 1970
65%
Africa Guinea-Bissau 1976
65%
Asia Philippines 1993
65%
Africa Sierra Leone 1964
65%
Asia North Korea 1976
64%
Africa Equatorial Guinea 1970
63%
Africa Malawi 1964
63%
Asia Uzbekistan 1993
63%
Europe Belarus 1998
62%
Africa Cape Verde 1976
56%
Africa Swaziland 1970
56%
Africa Sao Tome and Principe 1976
32%
No matching quizzes found
Score Distribution
Percent of People with Each Score
Percentile by Number Answered
Your Score History
You have not taken this quiz